书目信息 |
| 题名: |
对外汉语教学概论
|
|
| 作者: | 赵金铭 | |
| 分册: | ||
| 出版信息: | 北京 商务印书馆 38169 |
|
| 页数: | 516页 | |
| 开本: | 29cm | |
| 丛书名: | ||
| 单 册: | ||
| 中图分类: | H195.1 | |
| 科图分类: | ||
| 主题词: | 汉语--语言教学 | |
| 电子资源: | ||
| ISBN: | 7-100-04147-3 | |
| 000 | 00517nam0 2200181 450 | |
| 001 | 0728815141 | |
| 005 | 20070819080015.14 | |
| 010 | @a7-100-04147-3@d¥27.00 | |
| 100 | @a20070819d km y0chiy0120 ea | |
| 101 | 0 | @achi |
| 200 | 1 | @a对外汉语教学概论@Adui wai han yu jiao xue gai lun@f赵金铭@Fzhao jin ming |
| 210 | @a北京@c商务印书馆@d38169 | |
| 215 | @a516页@d29cm | |
| 606 | 0 | @a汉语@x语言教学 |
| 690 | @aH195.1@v3 | |
| 701 | 0 | @a赵金铭@Azhao jin ming |
| 801 | 0 | @aCN@bPFT@c20070819 |
| 905 | @a213230@dH195.1@eZW28@f1 | |
| 对外汉语教学概论/赵金铭.-北京:商务印书馆,38169 |
| 516页;29cm |
| ISBN 7-100-04147-3:¥27.00 |
| ● |
| 相关链接 |
|
|
|
|
正题名:对外汉语教学概论
索取号:H195.1/ZW28
 
预约/预借
| 序号 | 登录号 | 条形码 | 馆藏地/架位号 | 状态 | 备注 |
| 1 | 7604386 | 276043862 | 密集书库-文学院/ [索取号:H195.1/ZW28] | 在馆 |